000 00516 a2200181 4500
003 OSt
005 20240206120946.0
008 240206b |||||||| |||| 00| 0 eng d
020 _a8188018236
040 _coclc
082 _a894.8121
_bJAY/T
100 _aJayakumar, K
_95677
245 _aTagorinte 100 Mystic Kavithakal /
_cK. Jayakumar
250 _a1st ed.
260 _aKozhikode:
_bLIPI PUBLICATION,
_c2015.
300 _a166P.
942 _2ddc
_cBK
_h894.8121
_iJAY/T
_k894.8121
_mJAY/T
999 _c44315
_d44315